007560000a2200109000450024500770000030000540007752003550013177300450048694200080053195200900053999900170062910aRadiografía de la destrucción : Premio Levi : testigo de excepción aVol.0, núm.3 (Diciembre, 2005), Páginas 22-23 aPrimo Levi, sobreviviente de Auschwitz, es para muchos el escritor más importante del siglo XX. En 1982, la RAI lo invitó a volver al campo de concentración en Polonia y grabó una entrevista, que tras su emisión permaneció olvidada en algún estante de la cadena de televisión, hasta su reciente rescate por parte de Reverso Editores.0 tArcadia / Andrés Felipe Solano, Editor cANA 001040708HEMaFUSBCbFUSBCd2016-01-26l0o r2016-01-26 00:00:00w2016-01-26yANA c61729d61729